Národná správa o ľudskom rozvoji Slovenská republika 2001-2002. /

Uložené v:
Podrobná bibliografia
Hlavný autor: Vagač, Luboš (Adapter)
Médium: Kniha
Jazyk:Slovak
Vydané: Bratislava : Centrum pre hospodársky rozvoj, 2003
Vydanie:1. vyd.
Témy:
ISBN: 8089026052 (brož.)
Fyzický popis: 114 s.
Tagy: Pridať tag
Žiadne tagy, Buďte prvý kto otaguje tento záznam!

MARC

LEADER 00000nam a2200000 a 4500
001 000090366
003 SVKK
005 20031120000000.0
008 030425s2003 xo e sloo
020 |a 8089026052 (brož.) 
040 |a SVKKK  |b slo  |c SVKKK  |e AACR2 
041 0 |a slo 
044 |a xo  |c SK 
080 |a 316.3(437.6)(047)  |2 1997 
080 |a 613(437.6)(047)  |2 1997 
080 |a 338.1(437.6)(047)  |2 1997 
245 0 0 |a Národná správa o ľudskom rozvoji Slovenská republika 2001-2002. /  |c Edit. Luboš Vagač 
250 |a 1. vyd. 
260 |a Bratislava :  |b Centrum pre hospodársky rozvoj,  |c 2003 
300 |a 114 s. 
653 0 |a rozvoj hospodársky  |2 SVKKKPH 
653 0 |a rozvoj ľudský  |2 SVKKKPH 
653 0 |a školstvo  |2 SVKKKPH 
653 0 |a Slovensko  |2 SVKKKPH 
653 0 |a r. 2001-2002  |2 SVKKKPH 
653 0 |a správy výročné  |2 SVKKKPH 
655 7 |a výročné správy  |2 SVKKKPH 
700 1 |a Vagač, Luboš  |4 adp 
910 |a svkkk 
919 |a 80-89026-05-2 
974 |a UH  |d 20031006 
974 |a MI  |d 20031003 
974 |a TI  |d 20031120 
998 |a BK 
090 |g SCKHL  |k Sklad Hlavná 10 prízemie  |a V.209711  |j 953182  |i 2720186265  |s Absenčne 
090 |g SCKHL  |k Sklad Hlavná 10 prízemie  |a V.210035  |j 955165  |i 2720017844  |s Absenčne